| 000 | 00966cam a22002894a 4500 | ||
|---|---|---|---|
| 001 | 16826114 | ||
| 005 | 20130207112931.0 | ||
| 008 | 110610s2012 nyua f 001 0 eng | ||
| 010 | _a 2011024912 | ||
| 016 | 7 |
_a015864278 _2Uk |
|
| 020 | _a0071748342 (soft cover : alk. paper) | ||
| 020 | _a9780071748346 (soft cover : alk. paper) | ||
| 020 | _a9780071788465 | ||
| 082 | 0 | 0 |
_a615.58 _223 _bPHA |
| 245 | 0 | 0 |
_aPharmacotherapy Handbook / _c[edited by] Barbara G. Wells ... [et al.]. |
| 250 | _a8th ed. | ||
| 260 |
_aNew York : _bMcGraw-Hill Medical, _cc2012. |
||
| 300 |
_axi, 1164 p. : _bill. ; _c21 cm. |
||
| 500 | _aIncludes index. | ||
| 504 | _aIncludes bibliographical references and index. | ||
| 650 | 0 |
_aDrugs _vHandbooks, manuals, etc. _932488 |
|
| 650 | 0 |
_aChemotherapy _vHandbooks, manuals, etc. _932489 |
|
| 650 | 2 |
_aDrug Therapy _vHandbooks. _930354 |
|
| 653 |
_bPharmacy _cFebruary2013 |
||
| 700 | 1 |
_aWells, Barbara G. _932490 |
|
| 942 |
_2ddc _cBB |
||
| 999 |
_c17258 _d17230 |
||